| 000 | 00864nam a2200229 a 4500 | ||
|---|---|---|---|
| 001 | 000022645 | ||
| 005 | 20200930021720.0 | ||
| 008 | 101014s2012 dr 001 0 spa d | ||
| 020 | _a9789945882773 | ||
| 040 |
_aDO-SdBNP _bspa _cBNPHU |
||
| 082 |
_a618.9201 _bT676m |
||
| 100 | 1 |
_aToral, Juan Carlos _946604 |
|
| 245 | 1 | 0 |
_aManejo del recién nacido después de la reanimación / _cJuan Carlos Toral. |
| 260 |
_aSanto Domingo : _bSociedad Dominicana de Pediatría, _c2012. |
||
| 300 |
_a174 p. ; _c18 cm. |
||
| 500 | _aIncluye datos biográficos del autor en la contracubierta. | ||
| 504 | _aIncluye bibliografía y notas al final de capítulos. | ||
| 590 | _aInventariado,2018/DG | ||
| 650 | 4 |
_aCuidados intensivos neonatales _946605 |
|
| 650 | 4 |
_aNiños recién nacidos _xAtención hospitalaria _xNormas _937659 |
|
| 910 | _aValidado. Control de calidad EMS. | ||
| 999 |
_c22142 _d22142 |
||